| 000 | 00425cam a2200181ua 4500 | ||
|---|---|---|---|
| 020 | _c3.00 | ||
| 041 |
_amal _h |
||
| 082 |
_a923.2 _bMOO/LY |
||
| 100 | _aMooney, Booth . | ||
| 245 |
_aLyndon Johnson katha / _cBooth Mooney. _hTextual Documents |
||
| 260 |
_aThrissur : _bCurrent Books , _c1965. |
||
| 300 | _a285 ; . | ||
| 365 | _a3.00 | ||
| 504 | _a | ||
| 942 | _cBK | ||
| 999 |
_c722 _d722 |
||